000
00196 a2200097 4500
001
11868
100
_a
Sautay
245
_a
The civil se
260
_a
_b
Oxford University
_c
090
_c
9123
_d
9123
942
_a
NUST-CAE
_c
M
_c
35960
999
_c
246941
_d
246941